Tecnología y creatividad: del proyecto tecnológico a la unidad didáctica
Uloženo v:
| Hlavní autor: | |
|---|---|
| Médium: | Kniha |
| Jazyk: | španělština baskičtina |
| Vydáno: |
Vitoria-Gasteiz
Servicio Central de Publicaciones
2001
|
| Edice: | Colección Materiales Curriculares
|
| Témata: | |
| Tagy: |
Přidat tag
Žádné tagy, Buďte první, kdo vytvoří štítek k tomuto záznamu!
|
MARC
| LEADER | 00000nam a2200000 a 4500 | ||
|---|---|---|---|
| 001 | UCM2940 | ||
| 003 | CL-VaPUC | ||
| 008 | 020621e20010600SP |||||||||||||||||spa|d | ||
| 041 | 0 | 7 | |a spa |2 CL-VaPUC |
| 041 | 0 | 7 | |a baq |2 CL-VaPUC |
| 082 | 0 | 4 | |a 370.118 |b CON |2 21 |
| 100 | 0 | |a Conceiro Andino, José Luis |e author |9 469703 | |
| 245 | 1 | 0 | |a Tecnología y creatividad: del proyecto tecnológico a la unidad didáctica |
| 300 | |a 121 p | ||
| 942 | |c BK | ||
| 945 | |d 20020621 00:00:00 |a cmena | ||
| 260 | |a Vitoria-Gasteiz |b Servicio Central de Publicaciones |c 2001 | ||
| 650 | 0 | |a Educación tecnológica |9 307597 | |
| 650 | 0 | |a Planificación del currículo |9 269599 | |
| 650 | 0 | |a Creatividad |9 310816 | |
| 583 | |a last modification |c 20020621 00:00:00 |k Rodrigo Vera | ||
| 490 | 0 | |a Colección Materiales Curriculares | |
| 999 | |c 300550 |d 300548 | ||
| 952 | |0 0 |1 0 |4 0 |6 370_118000000000000_CON_2001 |7 0 |8 A |9 358466 |a BIBEDU |b BIBEDU |d 2019-11-21 |i 3820882 |o 370.118 CON 2001 |p 3820882 |r 2019-11-21 |w 2019-11-21 |y BK |k EPE | ||